000 00555nam a2200181Ia 4500
008 240729s9999 xx 000 0 und d
022 _a2699-9412
245 0 _aAdvanced Energy & Sustainability Research
260 _aGermany
260 _bWiley-VCH
650 _a Environmental technology. Sanitary engineering | Technology
650 _a Mechanical engineering and machinery
650 _a Renewable energy sources
650 _aTechnology
856 _uhttps://doaj.org/toc/a0019579e957457aa1a8bc7e07bd5c62
942 _2ddc
942 _cDOAJEJ
999 _c72705
_d72705
945 _a1
_bMadushi Gamage
_c1
_dMadushi Gamage